Report on costs of foot and mouth (Record no. 73131)

MARC details
000 -LEADER
fixed length control field 01015cam a2200217 4500
001 - CONTROL NUMBER
control field WB3929-17
008 - FIXED-LENGTH DATA ELEMENTS--GENERAL INFORMATION
fixed length control field 030730n2003 000 0 eng u
035 ## - SYSTEM CONTROL NUMBER
System control number (Sirsi) u123147
245 ## - TITLE STATEMENT
Title Report on costs of foot and mouth
260 ## - PUBLICATION, DISTRIBUTION, ETC.
Date of publication, distribution, etc. 2003
490 ## - SERIES STATEMENT
Series statement Scottish Executive News Release
Volume/sequential designation 29 July 2003, (3)
520 ## - SUMMARY, ETC.
Summary, etc. The final report of the Foot and Mouth Disease Economic Impact Assessment Group is published which shows that the overall impact of FMD on the Scottish Economy as a whole was a fall in GDP of between £13.6m and £29.8m. This is the first report to quantify the economic supply costs of the outbreak at a sub-Scotland level. For the news release: http://www.scotland.gov.uk/pages/news/2003/07/SEen569.aspx For the final report: http://www.scotland.gov.uk/library5/agri/eifm-00.asp
590 ## - LOCAL NOTE (RLIN)
Local note WB
650 ## - SUBJECT ADDED ENTRY--TOPICAL TERM
Topical term or geographic name entry element FOOT-AND-MOUTH
650 ## - SUBJECT ADDED ENTRY--TOPICAL TERM
Topical term or geographic name entry element ECONOMIC IMPACT
650 ## - SUBJECT ADDED ENTRY--TOPICAL TERM
Topical term or geographic name entry element GDP
650 ## - SUBJECT ADDED ENTRY--TOPICAL TERM
Topical term or geographic name entry element SCOTLAND
650 ## - SUBJECT ADDED ENTRY--TOPICAL TERM
Topical term or geographic name entry element TOURISM
690 ## - LOCAL SUBJECT ADDED ENTRY--TOPICAL TERM (OCLC, RLIN)
Topical term or geographic name as entry element RURAL-AGRICULTURE AND FORESTRY
942 ## - ADDED ENTRY ELEMENTS (KOHA)
Suppress in OPAC 0
Holdings
Withdrawn status Lost status Source of classification or shelving scheme Damaged status Not for loan Home library Current library Shelving location Date acquired Total Checkouts Full call number Barcode Date last seen Copy number Price effective from Koha item type
    Dewey Decimal Classification     London London News article 30/07/2003   WB3929-17 123147-1001 06/08/2019 1 06/08/2019 News article